Statistics for Zemalja Europe

Click here to take the quiz!

General Stats

  • This quiz has been taken 2 368 times
  • The average score is 37 of 45

Answers on the Map

Answers color-coded by a green-red scale on the quiz's map according to % correct below.
 

Answer Stats

Zemlja% Correct
Hrvatska
94%
Italija
93%
Bosna i
Hercegovina
92%
Francuska
92%
Srbija
92%
Njemačka
91%
Portugal
90%
Rusija
90%
Slovenija
90%
Crna Gora
89%
Španjolska
88%
Albanija
87%
Austrija
87%
Norveška
87%
Finska
86%
Grčka
86%
Švedska
86%
Kosovo
85%
Irska
84%
Poljska
84%
Ukrajina
84%
Danska
83%
Island
83%
Litva
82%
Belgija
81%
Bugarska
81%
Češka
81%
Mađarska
81%
Slovačka
81%
Švicarska
80%
Bjelorusija
78%
Estonija
78%
Makedonija
78%
Latvija
77%
Nizozemska
77%
Ujedinjeno Kraljevstvo
76%
Vatikan
76%
Luksemburg
74%
Rumunjska
74%
San Marino
73%
Andora
72%
Moldavija
63%
Monako
63%
Lihtenštajn
61%
Malta
60%

Score Distribution

Percentile by Number Answered

Percent of People with Each Score

Your Score History

You have not taken this quiz